Statistiques concernant Les 20 villes les plus peuplées de Normandie

Cliquez ici pour prendre le quiz!

Statistiques générales

  • Ce quiz a été pris 329 fois
  • Le résultat moyen est 12 sur 20

Statistiques - réponses

PopulationVille% Correct
106 538 / CalvadosCaen
98%
110 618 / Seine-MaritimeRouen
98%
172 807 / Seine-MaritimeLe Havre
97%
80 959 / MancheCherbourg-en-Cotentin
90%
49 461 / EureÉvreux
83%
30 086 / Seine-MaritimeDieppe
77%
26 028 / OrneAlençon
75%
19 426 / MancheSaint-Lô
71%
20 881 / CalvadosLisieux
59%
23 951 / EureVernon
48%
19 344 / Seine-MaritimeFécamp
46%
22 903 / Seine-MaritimePetit-Quevilly
43%
25 573 / Seine-MaritimeGrand-Quevilly
42%
28 910 / Seine-MaritimeSotteville-lès-Rouen
39%
16 680 / Seine-MaritimeElbeuf
38%
28 752 / Seine-MaritimeSaint-Étienne-du-Rouvray
38%
14 736 / OrneFlers
36%
19 326 / Seine-MaritimeMont-Saint-Aignan
34%
21 878 / CalvadosHérouville-Saint-Clair
26%
18 251 / EureLouviers
24%

Distribution des résultats

Percentile par nombre de réponses

% des personnes avec chaque résultat

Votre développement - résultats

Vous n’avez pas pris ce quiz